| 000 | 00921nam a2200229Ia 4500 | ||
|---|---|---|---|
| 001 | 113881 | ||
| 003 | DR-UNIBE | ||
| 005 | 20250716115240.0 | ||
| 008 | 250716b2022 dr ||||| |||| 00| 1 spa d | ||
| 020 | _a9789945629231 | ||
| 040 |
_aBIBLIOTECA UNIBE _cBIBLIOTECA UNIBE _erda |
||
| 041 | _aspa | ||
| 082 | _aRD 332.41 B213d | ||
| 110 |
_aBanco Central de la República Dominicana _918978 |
||
| 245 | _aDinámica inflacionaria y política monetaria en la República Dominicana | ||
| 260 |
_aSanto Domingo : _bBanco Central de la República Dominicana, _c2022 |
||
| 300 | _a401 páginas | ||
| 505 | _aParte I. El fenómeno de la inflación en la República Domincana | Parte II. Proyección de la inflación e incertidumbre | Parte III. Política monetaria e inflación | | ||
| 650 |
_aEconomía _zRepública Dominicana _91462 |
||
| 650 |
_aCuestión monetaria _zRepública Dominicana _9197400 |
||
| 942 |
_cBK _2ddc |
||
| 999 |
_c113881 _d113881 |
||